Univerzálny doplnok ponuky batérie a fotofilmy - impulzný tovar, ktorý sa predáva takmer všade

Pohľad na predaj batérií, fotofilmov a fotoaparátov. Dopyt po alkalických batériách stúpa. Kam smeruje vývoj. Aj fotopotreby možno zaradiť k impulznému tovaru.

Na minha lista:
Detalhes bibliográficos
Autor principal: Vojtková, Viera
Formato: Capítulo de Livro
Idioma:eslovaco
Assuntos:
Tags: Adicionar Tag
Sem tags, seja o primeiro a adicionar uma tag!

MARC

LEADER 00000naa a2200000 4500
001 r045840
005 20231002114500.5
041 0 |a slo 
044 |a SK 
245 1 0 |a Univerzálny doplnok ponuky  |b batérie a fotofilmy - impulzný tovar, ktorý sa predáva takmer všade  |c Viera Vojtková 
520 |a Pohľad na predaj batérií, fotofilmov a fotoaparátov. Dopyt po alkalických batériách stúpa. Kam smeruje vývoj. Aj fotopotreby možno zaradiť k impulznému tovaru. 
610 2 0 |a prieskum spotrebiteľský 
610 2 0 |a prieskum trhu 
610 2 0 |a film 
610 2 0 |a fototechnika 
610 2 0 |a tovar značkový 
100 1 |a Vojtková, Viera